000
00252nam a2200097Ia 4500
001
1206122
005
20251013105053.0
008
250824s9999 xx 000 0 und d
245
0
_a
GÜNEŞ YİYEN ÇİNGENE
_c
BUKET UZUNER
260
_b
EVEREST YAYINLARI
999
_c
1206122
_d
1206122